Cost benefit analysis (Record no. 828919)

MARC details
000 -LEADER
fixed length control field 00602nam a2200229Ia 4500
003 - CONTROL NUMBER IDENTIFIER
control field OSt
005 - DATE AND TIME OF LATEST TRANSACTION
control field 20220928144658.0
008 - FIXED-LENGTH DATA ELEMENTS--GENERAL INFORMATION
fixed length control field 220927b |||||||| |||| 00| 0 eng d
037 ## - SOURCE OF ACQUISITION
Terms of availability Textual
040 ## - CATALOGING SOURCE
Original cataloging agency SDCL
Transcribing agency SDCL
Language of cataloging eng
041 ## - LANGUAGE CODE
Source of code eng
Language code of text/sound track or separate title eng
100 ## - MAIN ENTRY--PERSONAL NAME
Personal name Dasgupta Ajit K
9 (RLIN) 375273
245 #0 - TITLE STATEMENT
Title Cost benefit analysis
Remainder of title theory and practice.
260 ## - PUBLICATION, DISTRIBUTION, ETC.
Date of publication, distribution, etc. 1972
700 ## - ADDED ENTRY--PERSONAL NAME
Personal name Pearce D W
9 (RLIN) 456315
942 ## - ADDED ENTRY ELEMENTS (KOHA)
Classification part X65291, L2
Koha item type Textual
Source of classification or shelving scheme Colon Classification (CC)
Holdings
Withdrawn status Lost status Damaged status Not for loan Home library Current library Date acquired Total Checkouts Full call number Barcode Date last seen Price effective from Koha item type
        South Campus Library South Campus Library 2022-09-28   X65291 L2 SC0451084 2022-09-28 2022-09-28 Textual
Copyright @ Delhi University Library System